Economic Forum (Record no. 5430)

MARC details
000 -CABECERA
campo de control de longitud fija 00721nam a2200217 a 4500
001 - NÚMERO DE CONTROL
campo de control BRCA_5740
005 - FECHA Y HORA DE LA ÚLTIMA TRANSACCIÓN
campo de control 20190320205211.0
008 - DATOS DE LONGITUD FIJA--INFORMACIÓN GENERAL
campo de control de longitud fija 040311m19341936nyu#######---i000-0#eng-#
041 ## - CÓDIGO DE LENGUA
Código de lengua del texto/banda sonora o título independiente eng
044 ## - CÓDIGO DEL PAÍS DE LA ENTIDAD EDITORA/PRODUCTORA
Código MARC del país nyu
050 #4 - SIGNATURA TOPOGRÁFICA DE LA BIBLIOTECA DEL CONGRESO
Número de clasificación HG255
Número de documento/Ítem .E26 1934
245 10 - MENCIÓN DE TÍTULO
Título Economic Forum
Resto del título Economic Forum Inc.
260 ## - PUBLICACIÓN, DISTRIBUCIÓN, ETC.
Lugar de publicación, distribución, etc. Nueva York
Nombre del editor, distribuidor, etc. Economic Forum Inc.
Fecha de publicación, distribución, etc. 1934-1936
300 ## - DESCRIPCIÓN FÍSICA
Extensión 7 v.
Dimensiones 23 cm.
500 ## - NOTA GENERAL
Nota general H57
505 0# - NOTA DE CONTENIDO CON FORMATO
Nota de contenido con formato Contenido: v.1. Spring 1934. -- v.2 y 3 Sept.-Oct. 1934. -- v.4. Summer 1935. -- v.5. Winter 1935. -- v.6. Spring 1935. -- v.7. Winter 1936
650 14 - PUNTO DE ACCESO ADICIONAL DE MATERIA--TÉRMINO DE MATERIA
Término de materia o nombre geográfico como elemento de entrada Estándares internacionales
Subdivisión de forma Publicaciones periódicas
9 (RLIN) 14562
650 14 - PUNTO DE ACCESO ADICIONAL DE MATERIA--TÉRMINO DE MATERIA
Término de materia o nombre geográfico como elemento de entrada Economía mundial
Subdivisión geográfica Nueva York
9 (RLIN) 14563
902 ## - CATALOGADOR
Iniciales GFM
942 ## - ELEMENTOS DE PUNTO DE ACCESO ADICIONAL (KOHA)
Fuente del sistema de clasificación o colocación Library of Congress Classification
Tipo de ítem Koha Libros
Holdings
Estado de retiro Estado de pérdida Estado dañado No para préstamo Localización permanente Ubicación/localización actual Fecha de adquisición Número de inventario Total de préstamos Signatura topográfica completa Código de barras Fecha visto por última vez Precio válido a partir de Tipo de ítem Koha
El ejemplar forma parte de la colección y puede ser consultado según las políticas vigentes.       Biblioteca del Museo Franz Mayer (Rogerio Casas-Alatriste) Biblioteca del Museo Franz Mayer (Rogerio Casas-Alatriste) 04/03/2011 H57   HG255 .E26 1934 (H57) 6176 22/03/2019 22/03/2019 Libros